MRCP Part 2 : (Record no. 4799)

MARC details
000 -LEADER
fixed length control field 00646nam a2200217 4500
003 - CONTROL NUMBER IDENTIFIER
control field OSt
005 - DATE AND TIME OF LATEST TRANSACTION
control field 20160719183051.0
008 - FIXED-LENGTH DATA ELEMENTS--GENERAL INFORMATION
fixed length control field 160719b xxu||||| |||| 00| 0 eng d
020 ## - INTERNATIONAL STANDARD BOOK NUMBER
International Standard Book Number 9780443073304
040 ## - CATALOGING SOURCE
Transcribing agency 040a
082 ## - DEWEY DECIMAL CLASSIFICATION NUMBER
Classification number WB 18
Item number B469m 2008
100 ## - MAIN ENTRY--PERSONAL NAME
Personal name Beynon, Huw
9 (RLIN) 10320
245 ## - TITLE STATEMENT
Title MRCP Part 2 :
Remainder of title data interpretation , questions and answers /
Statement of responsibility, etc. Huw Beynon, Luke Gompels, Rapti Mediwake
260 ## - PUBLICATION, DISTRIBUTION, ETC. (IMPRINT)
Place of publication, distribution, etc. Edinburgh
Name of publisher, distributor, etc. Churchill Livingstone
Date of publication, distribution, etc. 2008
300 ## - PHYSICAL DESCRIPTION
Extent v, 407p;
Other physical details ill :
Dimensions 15 cm.
504 ## - BIBLIOGRAPHY, ETC. NOTE
Bibliography, etc Includes index
650 ## - SUBJECT ADDED ENTRY--TOPICAL TERM
Topical term or geographic name as entry element MRCP
9 (RLIN) 1991
700 ## - ADDED ENTRY--PERSONAL NAME
Personal name Gompels, Luke
9 (RLIN) 10321
700 ## - ADDED ENTRY--PERSONAL NAME
Personal name Mediwake, Rapti
9 (RLIN) 10322
942 ## - ADDED ENTRY ELEMENTS (KOHA)
Source of classification or shelving scheme Other/Generic Classification Scheme
Koha item type Open Shelf
Holdings
Withdrawn status Lost status Source of classification or shelving scheme Damaged status Not for loan Home library Current library Date acquired Source of acquisition Inventory number Total Checkouts Total Renewals Full call number Barcode Date last seen Date last checked out Price effective from Koha item type
    Other/Generic Classification Scheme     MUST Main Library MUST Main Library 19/07/2016   2010/32560 1 1 WB 18 B469m 2008 2016-3306 30/09/2021 10/09/2021 19/07/2016 Open Shelf